000 01804cam a2200361 a 4500
001 childdevelopment00salk
003 CaSfIA
005 20230525155025.0
007 cr||||
008 891030s1990 txua b 001 0 eng
010 _a 89029996
040 _aDLC
_cDLC
_dNCK
_dBAKER
_dBTCTA
_dYDXCP
_dCaSfIA
020 _a0030302935
020 _a9780030302930
035 _a(OCoLC)20691776
050 0 0 _aRJ131
_b.S24 1990
082 0 0 _a155.4
_220
100 1 _aSalkind, Neil J.
245 1 0 _aChild development /
_h[electronic resource]
_cNeil J. Salkind.
250 _a6th ed.
260 _aFort Worth, Tex. :
_bHolt, Rinehart, and Winston,
_cc1990.
300 _axxv, 645 p. :
_bill. (some col.) ;
_c27 cm.
500 _aFifth ed. entered under: Ambrose, Sueann Robinson.
504 _aIncludes bibliographical references and indexes.
505 0 _aChild development: Issues, theories, and research -- Birth and early infancy: Prenatal development -- Birth and the neonate -- Infancy and toddlerhood: Physical and perceptual development -- Cognitive and language development -- Social relationships -- The preschool years: Physical and perceptual development -- Cognition, language, and intelligence -- Personality and society -- Middle childhood: Growth and personality -- Learning and cognition -- Home, peers, and school -- Adolescence: Adolescence; growing into adulthood -- The meaning of identity.
650 0 _aChild development.
700 1 _aAmbrose, Sueann Robinson.
856 4 1 _uhttp://www.archive.org/details/childdevelopment00salk
_zFree eBook from the Internet Archive
856 4 2 _uhttp://www.openlibrary.org/books/OL2207750M
_zAdditional information and access via Open Library
029 1 _aYDXCP
_b13857
029 1 _aNZ1
_b4143271
029 1 _aAU@
_b000007342160
999 _c21296
_d21296